Soccer Teams A-Z - Statistics

General Stats
  • This quiz has been taken 5,285 times
  • The average score is 11 of 25
Answer Stats
Hint Answer % Correct
A: Invincibles, Arsene Wenger Arsenal
99%
M: Red Devils Manchester United
78%
J: Pirlo, Pogba & Buffon Juventus
77%
R: Most successful European team Real Madrid
75%
O: Most successful club in Greek history Olympiacos
64%
G: Famous Turkish team Galatasaray
63%
K: German for cologne Koln
59%
Q: West London team Queens Park Rangers
59%
I: 3 time UEFA Champions League winners Inter Milan
57%
N: UEFA Champions League Winners 1979 and 1980 Nottingham Forest
52%
C: Liga BBVA Celts/Celtics Celta de Vigo
43%
B: Won the BPL a long time ago Blackburn Rovers
42%
D: Fortuna 1895 Dusseldorf
40%
L: Biancocelesti Lazio
36%
U: Bianconeri Udinese
36%
W: Die Werderaner Werder Bremen
33%
P: Philips Sport Vereniging PSV Eindhoven
31%
H: HDI Arena, 96 Hannover 96
29%
F: Famous Brazilian league team Fluminense
24%
T: The Tukkers, Eredivisie Twente
24%
V: Bendtner VfL Wolfsburg
19%
S: Britannica Stoke City
16%
E: Armeros, Liga BBVA Eibar
15%
Y: The Glovers Yeovil Town
13%
Z: Blanquillos Zaragoza
12%
No matching quizzes found
Score Distribution
Percent of People with Each Score
Percentile by Number Answered
Your Score History
You have not taken this quiz